• 首页
  • 本馆介绍
  • 公告通知
  • 最新文献
  • 馆藏检索
  • 电子资源
  • 读者导购
  • 参考咨询
  • 我的图书馆
  • 登录
  • 详细信息显示
  • 放入我的书架
  • 预约/预借图书
  • 作者相关作品
  • 分类相关作品
  • 丛书相关作品
  • 出版社相关作品

书目信息

  • 表格格式
  • 工作单格式
  • 卡片格式
题名:
青少年电子游戏与网络成瘾
    
 
作者: 罗莫 著 ;葛金玲 译
分册:  
出版信息: 上海   上海社会科学院出版社  2016
页数: 210页
开本: 21cm
丛书名:
单 册:
中图分类: C913.5
科图分类:
主题词:
电子资源:
ISBN: 978-7-5520-1576-8
000 02041nam0 22003491 450
001 387721
005 20170502165526.0
010    @a978-7-5520-1576-8@dCNY35.00
100    @a20170113d2016 em y0chiy50 ea
101 1  @achi@cfre
102    @aCN@b310000
105    @aa z 000yy
106    @ar
200 1  @a青少年电子游戏与网络成瘾@9qing shao nian dian zi you xi yu wang lao cheng yin@dLa dependance auxjeux video et a l'internet@zfre@f(法)卢西亚·罗莫(Lucia Romo)[等]著@g葛金玲译@zfre
210    @a上海@c上海社会科学院出版社@d2016
215    @a210页@c图@d21cm
300    @a法国当代心理治疗 第一辑
300    @a由法国驻华使馆的傅雷资助出版计划资助出版
304    @a著者还有:(法)斯蒂芬妮·比乌拉克(Stephanie Bioulac)、(法)劳伦斯·科恩(Laurence Kern)、(法)格雷戈里·米歇尔(Gregory Michel)
314    @a卢西亚·罗莫,临床心理学HDR高级讲师、临床心理学家和认知行为疗法专家。
314    @a斯蒂芬妮·比乌拉克,儿童和青少年心理医生,在波尔多布瓦尓教授医院的儿童和青少年精神科工作,担任青少年学业医生。
314    @a格雷戈里·米歇尔,波尔多谢阁兰大学健康和生活质量心理学实验室主任,临床心理学和精神病理学教授,精神病理学博士等。
314    @a葛金玲 (1978-),女,现任浙江越秀外国语学院西方语言学院常务副院长,副教授。主编《欧洲语言与文化》。
330    @a本书着重探讨互联网时代背景下,广泛分布于儿童、青少年及青年人等人群的电子游戏及网络成瘾现象。本书系统汇总了现有学术定义、研究数据和个案,对当下实际应用的评价尺度、评估工具、解决方法等进行了全面且细致的介绍与分析,在如何确定电子游戏及网络成瘾的病理性判断标准和治疗方案上亦给出了富有前瞻性的建议。相比单纯关注成瘾行为本身的国内外同类著作,本书尤其强调电子游戏及网络成瘾的并发疾病、精神障碍等与成瘾行为的相互作用。
510 1  @aDependance auxjeux video et a l'internet@zfre
610    @a计算机网络@Aji suan ji wang lao@x成瘾@x青少年问题@x研究
610 0  @a网瘾@Awang yin
690    @aC913.5@v5
701  0 @c(法)@a罗莫@9luo mo@c(Romo, Lucia)@4著
702  0 @a葛金玲@9ge jin ling@f(1978-)@4译
801  0 @aCN@b百万庄@c20170308
905    @b1003582-7@dC913.5@e1000@f6
    
    青少年电子游戏与网络成瘾=La dependance auxjeux video et a l'internet/(法)卢西亚·罗莫(Lucia Romo)[等]著/葛金玲译.-上海:上海社会科学院出版社,2016
    210页:图;21cm
    法国当代心理治疗 第一辑.-由法国驻华使馆的傅雷资助出版计划资助出版
    
    ISBN 978-7-5520-1576-8:CNY35.00
    本书着重探讨互联网时代背景下,广泛分布于儿童、青少年及青年人等人群的电子游戏及网络成瘾现象。本书系统汇总了现有学术定义、研究数据和个案,对当下实际应用的评价尺度、评估工具、解决方法等进行了全面且细致的介绍与分析,在如何确定电子游戏及网络成瘾的病理性判断标准和治疗方案上亦给出了富有前瞻性的建议。相比单纯关注成瘾行为本身的国内外同类著作,本书尤其强调电子游戏及网络成瘾的并发疾病、精神障碍等与成瘾行为的相互作用。
●
相关链接 在E读中查询图书 在五车中查询图书 在当当中查询图书 在豆瓣中查询图书


正题名:青少年电子游戏与网络成瘾     索取号:C913.5/1000         预约/预借

序号 登录号 条形码 馆藏地/架位号 状态 备注
1 1003582   210035825   第一样本阅览室/ [索取号:C913.5/1000] 在馆    
2 1003583   210035834   教育系资料室/ [索取号:C913.5/1000] 在馆    
3 1003584   210035843   教育系资料室/ [索取号:C913.5/1000] 在馆    
4 1003585   210035852   教育系资料室/ [索取号:C913.5/1000] 在馆    
5 1003586   210035861   第一借阅区/ [索取号:C913.5/1000] 在馆    
6 1003587   210035870   第一借阅区/ [索取号:C913.5/1000] 在馆    
唐山师范学院图书馆 欢迎您!
大连网信软件有限公司© 版权所有